000 00707cam a2200253Ii 4500
999 _c6047
_d6047
001 1836504
003 OSt
005 20190111172108.0
008 751115s1975 nyu 000 0beng d
010 _a75009310
020 _a0060604719
035 _atcgc175476
040 _aBWE
_cBWE
_dm.c.
_dMSC
082 _a227
_bB244M
090 _aBS2651
_b.B35
100 1 _aBarclay, William,
_d1907-1978.
245 1 4 _aThe mind of St. Paul /
_cby William Barclay.
260 _aNew York ;
_aLondon :
_bHarper & Row,
_c1975 [c1958]
300 _a256 p. ;
_c21 cm.
500 _aFirst published in 1958.
600 0 0 _aPaul,
_cthe Apostle, Saint.
630 0 0 _aBible.
_pEpistles of Paul
_xTheology.
942 _2ddc
_cBK